| 000 | 00450nam a2200157 i 4500 | ||
|---|---|---|---|
| 001 | 41624 | ||
| 003 | ES-MaACL | ||
| 005 | 20230906160450.0 | ||
| 007 | t| | ||
| 008 | 030311s1946 xxu ||||1| eng d | ||
| 100 | 1 |
_aCassirer, Ernst. _936365 |
|
| 245 | 1 | 4 |
_aThe myth of the state / _cby Ernst Cassirer. |
| 260 |
_aNew Haven, etc. : _bVale University Press, _c1946. |
||
| 300 |
_aXII, 303 p., 1 retr. ; _c24 cm. |
||
| 852 |
_aES-MaACL _jC-4309 _bR.24234 |
||
| 999 |
_c41624 _d41624 |
||